Geopolt̕ica de los negocios y mercados verdes

Detalles Bibliográficos
Autor principal: Duque Gm̤ez, Ernesto
Formato: eBook
Lenguaje:español
Publicado: Bogot ̀: Editorial Ecoe, 2011
Colección:Libros Universitarios. Ecologa̕ y medio ambiente
Materias:
Acceso en línea:Acceso restringido

MARC

LEADER 00000nam a22000007a 4500
005 2012062003593.0
007 cr|||| ||||
008 120620s2011 co |||||s|||| 00||0 spa d
020 |a 978-958-648-711-5 
035 |a 6235 
040 |a vLex 
090 |c 3218  |d 3218 
100 1 |a Duque Gm̤ez, Ernesto 
245 1 0 |a Geopolt̕ica de los negocios y mercados verdes  |h [Recurso electrn̤ico] /  |c Ernesto Duque Gm̤ez  
256 |a Servicio en ln̕ea 
260 |a Bogot ̀:  |b Editorial Ecoe,  |c 2011 
300 |a 1 recurso electrn̤ico 
490 |a  Libros Universitarios. Ecologa̕ y medio ambiente  
500 |a El autor presenta cm̤o el consumo y el consumismo depredan la naturaleza, promovido por los empresarios a travš de la comunicacin̤ publicitaria para alentar el consumismo de sus productos que dicen ser verdes, pero no lo son. Esta obra plantea las barreras mentales de los empresarios que pretenden ser verdes y actuar con Responsabilidad Social Ambiental, ante la economizacin̤ de la ecologa̕ y la naturaleza por cinco siglos. Pero tambiň hace ver que el problema de la gestin̤ medio ambiental en la empresa no sl̤o est ̀enmarcado dentro de aspectos de eco-innovacin̤, sino tambiň incluye los asuntos de los conflictos ambientales y ecologistas entre clases, entre empresarios - sociedad - Estado y entre clases - Estado. 
504 |a Incluye bibliografa̕  
506 1 |a Contenido solo disponible en los productos indicados  |d vLex Global   |d vLex Global (Academic Edition, excluding Law Schools)   |d vLex Global (U.S. Academic Edition, Law Schools)   |d vLex Global (U.S. Academic Edition, excluding Law Schools)   |d vLex Global (Academic Edition, Law Schools)  
650 0 4 |a Geopolt̕ica  |z Colombia 
740 0 |a vLex Libros (Servicio en ln̕ea) 
856 4 0 |u http://vlex.com/source/geopolitica-negocios-mercados-verdes-6235  |z Acceso restringido 
942 |c BOOK 
999 0 |a Geopolitics